00404nam a22001217a 4500082000900000100002600009245014600035260002400181300002600205526001800231650001100249700002200260 aT-51 aMuhammad Tahir Saleem aA laboratory study to see the performance of AC mix design using fly ash and rice husk as filler instead of stone dustcMuhammad Tahir Saleem aRisalpurbMCE, NUST ap156.:bill,;c30 cm. a0b0c0dT_51 aThesis aZafar Ahmad Malik